| 000 | 00387nam a2200145Ia 4500 | ||
|---|---|---|---|
| 008 | 210210b1962 xxu||||| |||| 00| 0 eng d | ||
| 082 | _a374 DUTN | ||
| 100 | _aDUTTA (S C). | ||
| 245 | _aNew dimensions in social education. | ||
| 260 |
_aNew Delhi. _bIndian Adult Education Association., _c1962 |
||
| 300 | _a60 | ||
| 650 | _aAdult education | ||
| 690 | _aEducation | ||
| 906 | _aSG01256 | ||
| 999 |
_c112405 _d112405 |
||